LIBRARY & INFORMATION CENTRE, KCAET, TAVANUR

ONLINE PUBLIC ACCESS CATALOGUE (OPAC)

Practical guide to computers in education / (Record no. 10059)

MARC details
000 -LEADER
fixed length control field 00620cam a2200229ua 4500
020 ## - INTERNATIONAL STANDARD BOOK NUMBER
ISBN 0 201 10593 4
041 ## - LANGUAGE CODE
Language code of text/sound track or separate title eng
082 ## - DEWEY DECIMAL CLASSIFICATION NUMBER
Classification number 004
Item number COB/PR
100 ## - MAIN ENTRY--AUTHOR NAME
Personal name Coburn, Peter .
245 ## - TITLE STATEMENT
Title Practical guide to computers in education /
250 ## - EDITION STATEMENT
Edition statement 2 /
260 ## - PUBLICATION, DISTRIBUTION, ETC. (IMPRINT)
Place of publication London :
Name of publisher Addison-Wesley Publishing Company ,
Year of publication 1985.
300 ## - PHYSICAL DESCRIPTION
Number of Pages 338 ; .
700 1# - ADDED ENTRY--PERSONAL NAME
Personal name Kelman, Peter .
700 1# - ADDED ENTRY--PERSONAL NAME
Personal name Roberts, Nancy .
700 1# - ADDED ENTRY--PERSONAL NAME
Personal name Snyder, Thomas F F .
700 1# - ADDED ENTRY--PERSONAL NAME
Personal name Watt, Daniel H .
700 1# - ADDED ENTRY--PERSONAL NAME
Personal name Weiner, Cheryl .
942 ## - ADDED ENTRY ELEMENTS (KOHA)
Koha item type Books
Holdings
Withdrawn status Lost status Damaged status Home library Current library Date acquired Full call number Accession Number Koha item type
      KAUAET KAUAET 08/09/1986 004 15735 Books
free website counter